00833nam a2200229Ia 4500003000500000005001700005008004100022020001800063040001000081082001300091100005000104245006700154260003700221300004800258490002300306500002200329610004500351700004000396942003500436999001900471952011300490322820250219095454.0210817s9999 xx 000 0 eng d a9781899248346 c32278 aEJF ALTH a ALTHEA Bradfield, 2000 [New ed.] 928214 0aHow your body works cby Althea ; illustrated by Frances Cony. aBradfield : bHappy Cat,c 2000. a32 pages : bcolor illustrations ; c21 cm. 3Talking it through aIncludes index.  aHuman body—Juvenile literature9191887 a Frances Cony.dillustrater9191888 cBOOK2ddcy375zRosinah Mosako c226077d226076 00102ddc4070aTHISLbTHISLcGENd2021-08-18g120.65oEJF ALTHp33228023531013r2024-11-25w2021-08-18yBK